| Tag |
First Indicator |
Second Indicator |
Subfields |
| LEADER |
00000cam a22000001a 4500 |
| 001 |
in00003417413 |
| 006 |
m d f |
| 007 |
cr bn mmmapmmp |
| 008 |
101214s2007 dcu o f000 0 eng d |
| 005 |
20260429192316.1 |
| 035 |
|
|
|a cis2007861575
|
| 040 |
|
|
|a ProQuest
|c ProQuest
|d UtOrBLW
|
| 043 |
|
|
|a n-us---
|
| 099 |
|
|
|a CRS-2007-GVF-0936
|
| 110 |
2 |
|
|a Library of Congress.
|b Congressional Research Service.
|
| 245 |
1 |
0 |
|a Major Tax Issues in the 110th Congress.
|
| 264 |
|
1 |
|a [Place of publication not identified] :
|b [publisher not identified],
|c 2007.
|
| 300 |
|
|
|a 1 online resource.
|
| 336 |
|
|
|a text
|b txt
|2 rdacontent
|
| 337 |
|
|
|a computer
|b c
|2 rdamedia
|
| 338 |
|
|
|a online resource
|b cr
|2 rdacarrier
|
| 500 |
|
|
|a Record is based on bibliographic data in ProQuest U.S. Congressional Research Digital Collection (last viewed Dec. 2010). Reuse except for individual research requires license from ProQuest, LLC.
|
| 500 |
|
|
|a CRS Report.
|
| 520 |
|
|
|a Discusses economic context of tax issues considered by the 110th Congress; and examines tax reduction and reform, taxes in 2007 agriculture legislation, taxes in supplemental appropriations and minimum wage, alternative minimum tax for individuals, energy taxation, small business taxation, expiration of enacted tax cuts, tax gaps and tax shelters, international taxation, Federal budget pay-as-you-go (PAYGO) rules, and taxes in the Administration's FY2008 budget proposal. Reviews recently enacted tax legislation.
|
| 500 |
|
|
|a Electronic resource.
|
| 650 |
|
0 |
|a Power resources.
|
| 650 |
|
0 |
|a Small business.
|
| 650 |
|
0 |
|a Agriculture and state.
|
| 655 |
|
7 |
|a Electronic books.
|2 local
|
| 710 |
2 |
|
|a ProQuest (Firm)
|
| 776 |
0 |
8 |
|i Microfiche version:
|a Library of Congress. Congressional Research Service.
|t Major Tax Issues in the 110th Congress
|
| 830 |
|
0 |
|a U.S. Congressional Research.
|
| 856 |
4 |
0 |
|u http://proxy.library.tamu.edu/login?url=https://congressional.proquest.com/congcomp/getdoc?CRDC-ID=CRS-2007-GVF-0936
|z Connect to the full text of this electronic book
|t 0
|
| 999 |
|
|
|a MARS
|
| 999 |
f |
f |
|s e4c4e021-757a-3431-8ada-6b80b9ccb105
|i 3a42cbac-0f9c-3eb5-b75d-b6ae469e943b
|t 0
|
| 952 |
f |
f |
|a Texas A&M University
|b College Station
|c Electronic Resources
|s www_evans
|d Available Online
|t 0
|e CRS-2007-GVF-0936
|h Other scheme
|
| 998 |
f |
f |
|a CRS-2007-GVF-0936
|t 0
|l Available Online
|